North Carolina Tar Heels Starting Lineups (2005-2025) - Statistics

General Stats
  • This quiz has been taken 84 times
    24 since last reset
  • The average score is 23 of 52
Answer Stats
2009-2010 Answer % Correct
G R.J. Davis
95%
F Ed Davis
90%
C Armando Bacot
85%
G Caleb Love
85%
F Brice Johnson
80%
F Cameron Johnson
80%
F Justin Jackson
80%
F Brady Manek
75%
F Leaky Black
75%
G Coby White
70%
G Cormac Ryan
70%
F Luke Maye
70%
G Marcus Paige
65%
Danny Green
60%
G Elliot Cadeau
60%
G Joel Berry II
60%
Tyler Hansbrough
60%
Drake Powell
55%
F Harrison Ingram
55%
F Kennedy Meeks
55%
G Kenny Williams
55%
G Cole Anthony
50%
F Theo Pinson
50%
C Tyler Zeller
50%
Ven-Allen Lubin
50%
F Harrison Barnes
45%
Ty Lawson
45%
C Isaiah Hicks
40%
Jae'lyn Withers
40%
F James Michael McAdoo
40%
F J.P. Tokoto
40%
G Kendall Marshall
40%
F Pete Nance
40%
Wayne Ellington
40%
C Garrison Brooks
35%
F John Henson
35%
F Deon Thompson
30%
F Marcus Ginyard
25%
G Nate Britt
20%
G Dexter Strickland
15%
F Joel James
15%
G Kerwin Walton
15%
G Larry Drew II
15%
G Reggie Bullock
15%
Bobby Frasor
10%
Brandan Wright
10%
Wes Miller
10%
G Christian Keeling
5%
David Noel III
5%
Reyshawn Terry
5%
F Will Graves
5%
F Desmond Hubert
0%
No matching quizzes found
Score Distribution
Percent of People with Each Score
Percentile by Number Answered
Your Score History
You have not taken this quiz since the last reset